عرض عادي
عرض مارك
- Problems, exercises, etc.
مدخل تقسيم شكلي
001 - رقم الضبط
- حقل الضبط: 48515
003 - معرف رقم الضبط
- حقل الضبط: OSt
005 - تاريخ ووقت أخر عملية
- حقل الضبط: 20150713054352.0
008 - عناصر بيانات ثابتة الطول
- حقل تحكم ثابت الطول: 150713|| aca||aabn | a|a d
040 ## - مصدر الفهرسة
- هيئة الفهرسة الأصلية: OSt
- وكالة الكتابة: OSt
155 ## - الراس-نوع ادبي/مصطلح شكلي
- النوع الادبي/المصطلح الشكلي: Problems, exercises, etc.
670 ## - بيانات المصدر موجوده
- الاستشهاد بالمصدر: Work cat.: (OSt)0: Goldberg, David E. 1932- 48509, Beginning chemistry /, c2014.
